| 000 | 00679nam a2200241Ia 4500 | ||
|---|---|---|---|
| 003 | OSt | ||
| 005 | 20250207140932.0 | ||
| 008 | 210707s1978 xx 000 0 und d | ||
| 040 | _cAL | ||
| 041 | _ahin | ||
| 082 | _aH491.5 MISH | ||
| 100 |
_aMISHRA (Bagirath) _9198359 |
||
| 110 |
_bमिश्रा (भगीरथ) _9198360 |
||
| 245 |
_aHindi bashadarsh: _bहिंदी भषादर्श |
||
| 260 |
_aIlahabad _bLokabharathi Prakashan _c1978 |
||
| 300 | _ax,360 p | ||
| 365 |
_b25 _cINR |
||
| 563 | _aPB | ||
| 650 |
_aHindi Grammar _9198361 |
||
| 700 |
_dKAPOOR (Shubkar) _9198362 |
||
| 710 |
_bकपूर (शुभकर) _9198363 |
||
| 942 |
_2ddc _cBK |
||
| 999 |
_c180315 _d180315 |
||